[Event "23rd ETCC Women 2021"]
[Site "Catez"]
[Date "2021.11.19"]
[Round "7.10"]
[White "Avramidou, Anastasia"]
[Black "Baginskaite, Kamile"]
[Result "1-0"]
[WhiteElo "2217"]
[BlackElo "2100"]
[Annotator "NA"]
[PlyCount "95"]
[EventDate "2021.11.08"]
[EventType "team-tourn"]
[EventCountry "SLO"]
[SourceTitle "playchess.com"]
[Source "ChessBase"]
[SourceQuality "1"]
[WhiteTeam "Greece"]
[BlackTeam "Lithuania"]
[WhiteTeamCountry "GRE"]
[BlackTeamCountry "LTU"]
[TimeControl "40/5400+30:1800+30"]

1. d4 {[%emt 0:00:06]} Nf6 {[%emt 0:00:09]} 2. c4 {[%emt 0:00:10]} e6 {[%emt 0:
00:10]} 3. Nf3 {[%emt 0:00:07]} d5 {[%emt 0:00:47]} 4. Nc3 {[%emt 0:00:10]} Bb4
{[%emt 0:00:12]} 5. Qa4+ {[%emt 0:00:08]} Nc6 {[%emt 0:00:28]} 6. a3 {[%emt 0:
00:05]} Bxc3+ {[%emt 0:14:20]} 7. bxc3 {[%emt 0:00:10]} Bd7 {[%emt 0:00:03]} 8.
cxd5 {[%emt 0:00:21]} exd5 {[%emt 0:03:07]} 9. Qc2 {[%emt 0:00:09]} Na5 {
[%emt 0:21:59]} 10. Bf4 {[%emt 0:07:44]} Bb5 {[%emt 0:01:18]} 11. Qb2 {[%emt 0:
22:25]} Ba6 {[%emt 0:14:03]} 12. Qb4 {[%emt 0:11:09]} Nc6 {[%emt 0:06:31]} 13.
Qa4 {[%emt 0:00:34]} Ne4 {[%emt 0:00:43]} 14. Ne5 {[%emt 0:16:25]} Qf6 {
[%emt 0:11:09]} 15. e3 {[%emt 0:00:05]} Bxf1 {[%emt 0:00:04]} 16. Rxf1 {
[%emt 0:00:13]} O-O {[%emt 0:01:14]} 17. f3 {[%emt 0:14:11]} Nxc3 {[%emt 0:05:
34]} 18. Qb3 {[%emt 0:02:41]} Nxd4 {[%emt 0:04:48]} 19. exd4 {[%emt 0:06:01]}
Qxf4 {[%emt 0:00:20]} 20. Qxc3 {[%emt 0:00:04]} c5 {[%emt 0:03:25]} 21. Qd2 {
[%emt 0:00:43]} Qxh2 {[%emt 0:02:42]} 22. Kf2 {[%emt 0:02:16]} Qh4+ {[%emt 0:
03:04]} 23. Kg1 {[%emt 0:00:04]} cxd4 {[%emt 0:01:34]} 24. f4 {[%emt 0:02:44]}
Rac8 {[%emt 0:02:37]} 25. Qxd4 {[%emt 0:00:19]} b6 {[%emt 0:01:48]} 26. Qxd5 {
[%emt 0:02:40]} Rc7 {[%emt 0:00:01]} 27. Rad1 {[%emt 0:02:13]} Qe7 {[%emt 0:00:
50]} 28. Rf3 {[%emt 0:02:08]} Re8 {[%emt 0:00:18]} 29. Re3 {[%emt 0:02:52]} h6
{[%emt 0:00:32]} 30. Ng4 {[%emt 0:02:19]} Qf8 {[%emt 0:00:27]} 31. Rg3 {
[%emt 0:01:09]} Kh8 {[%emt 0:00:14]} 32. Qd4 {[%emt 0:01:18]} Qc5 {[%emt 0:00:
59]} 33. Qxc5 {[%emt 0:00:06]} bxc5 {[%emt 0:00:30]} 34. Rc3 {[%emt 0:00:20]}
Re4 {[%emt 0:00:18]} 35. g3 {[%emt 0:00:16]} Ra4 {[%emt 0:00:54]} 36. Ne5 {
[%emt 0:00:47]} g5 {[%emt 0:00:22]} 37. fxg5 {[%emt 0:01:07]} hxg5 {[%emt 0:00:
05]} 38. Rd7 {[%emt 0:00:49]} Rxd7 {[%emt 0:00:49]} 39. Nxd7 {[%emt 0:00:04]}
f5 {[%emt 0:00:53]} 40. Nxc5 {[%emt 0:00:42]} Rg4 {[%emt 0:00:19]} 41. Kg2 {
[%emt 0:32:11]} f4 {[%emt 0:16:04]} 42. Kh3 {[%emt 0:00:00]} Rxg3+ {[%emt 0:00:
08]} 43. Rxg3 {[%emt 0:00:00]} fxg3 {[%emt 0:00:04]} 44. Kxg3 {[%emt 0:00:00]}
Kg7 {[%emt 0:00:35]} 45. Ne4 {[%emt 0:00:00]} Kf7 {[%emt 0:05:45]} 46. Nxg5+ {
[%emt 0:00:00]} Ke7 {[%emt 0:00:05]} 47. Kf4 {[%emt 0:00:00]} Kd6 {[%emt 0:00:
04]} 48. Ke4 {[%emt 0:00:00]} 1-0

[Event "23rd ETCC Women 2021"]
[Site "Catez"]
[Date "2021.11.19"]
[Round "7.11"]
[White "Simkunaite, Gabija"]
[Black "Markantonaki, Haritomeni"]
[Result "1-0"]
[WhiteElo "1962"]
[BlackElo "2174"]
[Annotator "TA"]
[PlyCount "131"]
[EventDate "2021.11.08"]
[EventType "team-tourn"]
[EventCountry "SLO"]
[SourceTitle "playchess.com"]
[Source "ChessBase"]
[SourceQuality "1"]
[WhiteTeam "Lithuania"]
[BlackTeam "Greece"]
[WhiteTeamCountry "LTU"]
[BlackTeamCountry "GRE"]

{[%evp 14,131,18,14,25,22,18,25,21,31,36,37,112,117,137,132,152,148,140,148,
142,129,132,137,126,107,141,116,116,120,129,116,122,97,96,85,129,140,175,167,
166,143,167,160,163,163,180,162,187,182,353,258,480,475,464,459,428,304,785,
367,706,705,683,276,559,569,675,574,475,275,260,261,301,237,249,191,237,185,
358,315,405,389,412,413,405,395,393,288,292,292,350,329,364,380,373,333,563,
550,690,663,914,870,762,745,1068,908,981,936,1335,1055,1181,1192,2139,2052,
2073,2168,2318,1725,29985,29986]} 1. e4 c5 2. Nf3 e6 3. g3 Nc6 4. Bg2 g6 5. O-O
Bg7 6. c3 Nge7 7. d4 cxd4 8. Nxd4 O-O {B20: Sicilian: Unusual White 2nd moves.}
9. Nxc6 bxc6 {[#]} 10. Qd6 $146 ({Predecessor:} 10. Na3 Rb8 11. Qa4 Qb6 12. Rd1
d5 13. Rb1 Qa6 14. Qc2 Bd7 15. Be3 Rfd8 16. Bd4 Bxd4 17. Rxd4 {1/2-1/2 (47)
Algildah,N (1825)-Al Harmoudi,M Beirut 2004}) 10... Re8 {White has an edge.}
11. Rd1 Qa5 12. Bf4 Qh5 (12... f5 $14) 13. Nd2 $16 g5 {[#]} 14. Qc5 $1 d5 (
14... f6 15. Bd6) 15. Bd6 Bf8 16. Bxe7 Rxe7 17. Qxc6 (17. exd5 $6 cxd5 18. c4
Bb7 $11) 17... Bb7 18. Qa4 dxe4 19. Bxe4 Rc8 20. Bxb7 Rxb7 21. Ne4 Qg6 22. Rab1
Rbc7 23. Nd2 h6 24. Qe4 f5 25. Qe2 g4 26. Nb3 Re8 27. Qe5 Qf7 28. Rd2 Bg7 29.
Qb5 Rb7 30. Qa4 h5 31. Rbd1 Ree7 $2 (31... Rc8 32. Rd6 e5) 32. c4 Bh6 $2 (32...
Rbc7 33. c5 Kh7) 33. Rd8+ $18 Kh7 34. c5 f4 35. Qe4+ Kg7 $2 (35... Qf5 36.
Qxf5+ (36. Qd4 e5 $16) 36... exf5) 36. Qe5+ (36. c6 $142 Rbc7 37. Nd4) 36...
Kg6 $2 (36... Qf6 37. Qxh5 Qg5 38. Qxg5+ Bxg5) 37. c6 ({Not} 37. Rh8 Qf5 $18)
37... Rbc7 38. R1d6 (38. Nd4 $142 Bg7 39. Qe4+ Kh6 40. Nb5 fxg3 41. hxg3) 38...
fxg3 $2 (38... Bg7 {was necessary.} 39. Qe1 (39. Qxf4 Qxf4 40. gxf4 Bxb2 $18)
39... Qf5) 39. hxg3 {Strongly threatening Nd4.} Bg7 40. Qe2 Qf5 41. Qc4 (41.
Rg8 $142 {Hoping for Nd4!} Qf3 42. Qe5 (42. Rxe6+ Rxe6 43. Qxe6+ Kh7 $18))
41... Be5 42. Rd2 {[%cal Bd6d2,Bd2e2,Be2e4][%mdl 32] aiming for Nd4.} Qf3 43.
Na5 h4 44. gxh4 Kh5 45. Re2 Qf5 (45... Bf4 46. Rh8+ Rh7 47. Qxe6 Kxh4) 46. b4
Kxh4 47. Qe4 Qxe4 48. Rxe4 Bc3 49. Rc4 Be5 50. f3 Kg3 51. fxg4 Rf7 {intending .
..Rf3.} 52. Rd3+ Rf3 {[#]} 53. Rxf3+ Kxf3 {[%mdl 4096] Endgame [#] KRB-KRN} 54.
Nb3 $1 Kg3 $2 (54... Rc8 55. Nd2+ Ke3) 55. Nc5 Re7 56. Re4 Bf4 57. Nxe6 Bd6 58.
a3 a6 59. Kf1 Rh7 60. Ke2 Rh1 61. Rc4 Rh2+ 62. Kd3 Ra2 63. g5 Rxa3+ 64. Kd4 Ra1
65. Kd5 Rd1+ 66. Rd4 {Black got outplayed after the opening.  Weighted Error
Value: White=0.36/Black=0.51} 1-0

[Event "23rd ETCC Women 2021"]
[Site "Catez"]
[Date "2021.11.19"]
[Round "7.12"]
[White "Christodoulaki, Antonia"]
[Black "Sibajeva, Marija"]
[Result "1/2-1/2"]
[WhiteElo "2075"]
[BlackElo "1946"]
[Annotator "NA"]
[PlyCount "98"]
[EventDate "2021.11.08"]
[EventType "team-tourn"]
[EventCountry "SLO"]
[SourceTitle "playchess.com"]
[Source "ChessBase"]
[SourceQuality "1"]
[BlackTeam "Lithuania"]
[BlackTeamCountry "LTU"]
[TimeControl "40/5400+30:1800+30"]

1. e4 {[%emt 0:00:02]} d5 {[%emt 0:00:03]} 2. exd5 {[%emt 0:00:04]} Qxd5 {
[%emt 0:00:03]} 3. Nc3 {[%emt 0:00:08]} Qa5 {[%emt 0:00:03]} 4. d4 {[%emt 0:00:
05]} Nf6 {[%emt 0:00:06]} 5. Nf3 {[%emt 0:00:08]} Bf5 {[%emt 0:00:06]} 6. Bc4 {
[%emt 0:00:10]} e6 {[%emt 0:00:05]} 7. Bd2 {[%emt 0:00:04]} Bb4 {[%emt 0:00:11]
} 8. a3 {[%emt 0:00:05]} Bxc3 {[%emt 0:00:04]} 9. Bxc3 {[%emt 0:00:04]} Qb6 {
[%emt 0:00:05]} 10. O-O {[%emt 0:00:06]} O-O {[%emt 0:01:41]} 11. b3 {[%emt 0:
01:48]} Nc6 {[%emt 0:00:30]} 12. a4 {[%emt 0:12:25]} a5 {[%emt 0:02:53]} 13.
Bb2 {[%emt 0:00:30]} Rfd8 {[%emt 0:03:54]} 14. Qe2 {[%emt 0:32:03]} Nb4 {
[%emt 0:03:38]} 15. Rac1 {[%emt 0:02:34]} Nfd5 {[%emt 0:04:12]} 16. Qd2 {
[%emt 0:18:18]} h6 {[%emt 0:09:40]} 17. c3 {[%emt 0:01:09]} Na6 {[%emt 0:00:26]
} 18. Ba3 {[%emt 0:07:40]} c5 {[%emt 0:05:25]} 19. Rfe1 {[%emt 0:06:08]} cxd4 {
[%emt 0:02:15]} 20. Nxd4 {[%emt 0:00:40]} Nxc3 {[%emt 0:11:41]} 21. Qxc3 {
[%emt 0:00:02]} Qxd4 {[%emt 0:00:07]} 22. Qxa5 {[%emt 0:01:32]} Qd2 {[%emt 0:
01:11]} 23. Qe5 {[%emt 0:05:44]} Nb4 {[%emt 0:05:05]} 24. Bb2 {[%emt 0:05:26]}
Qg5 {[%emt 0:00:48]} 25. Re3 {[%emt 0:00:34]} Nd3 {[%emt 0:08:32]} 26. Bxd3 {
[%emt 0:00:07]} Rxd3 {[%emt 0:00:13]} 27. Rce1 {[%emt 0:04:40]} Rad8 {[%emt 0:
02:48]} 28. Rg3 {[%emt 0:01:25]} Rxg3 {[%emt 0:04:17]} 29. hxg3 {[%emt 0:00:01]
} f6 {[%emt 0:00:01]} 30. Qc3 {[%emt 0:00:59]} Rd3 {[%emt 0:04:32]} 31. Qc8+ {
[%emt 0:00:38]} Kh7 {[%emt 0:00:06]} 32. Bc3 {[%emt 0:00:35]} e5 {[%emt 0:02:
21]} 33. Qc4 {[%emt 0:00:17]} Qg4 {[%emt 0:00:16]} 34. Qxg4 {[%emt 0:00:43]}
Bxg4 {[%emt 0:00:02]} 35. Rc1 {[%emt 0:00:24]} Rd1+ {[%emt 0:02:52]} 36. Rxd1 {
[%emt 0:00:02]} Bxd1 {[%emt 0:00:01]} 37. a5 {[%emt 0:00:42]} Bxb3 {[%emt 0:00:
12]} 38. f3 {[%emt 0:00:18]} Kg6 {[%emt 0:00:58]} 39. Kf2 {[%emt 0:00:27]} h5 {
[%emt 0:01:37]} 40. Ke3 {[%emt 0:00:37]} Kf5 {[%emt 0:00:21]} 41. Bb4 {[%emt 0:
30:17]} Bd5 {[%emt 0:31:45]} 42. Be1 {[%emt 0:00:00]} g5 {[%emt 0:00:00]} 43.
Bf2 {[%emt 0:00:00]} Ke6 {[%emt 0:00:00]} 44. Be1 {[%emt 0:00:00]} f5 {[%emt 0:
00:00]} 45. Bb4 {[%emt 0:00:00]} f4+ {[%emt 0:00:00]} 46. gxf4 {[%emt 0:00:00]}
exf4+ {[%emt 0:00:00]} 47. Kf2 {[%emt 0:00:00]} g4 {[%emt 0:00:00]} 48. fxg4 {
[%emt 0:00:00]} hxg4 {[%emt 0:00:00]} 49. g3 {[%emt 0:00:00]} f3 {[%emt 0:00:
00]} 1/2-1/2

[Event "23rd ETCC Women 2021"]
[Site "Catez"]
[Date "2021.11.19"]
[Round "7.13"]
[White "Zawadzka, Jolanta"]
[Black "Paehtz, Elisabeth"]
[Result "1/2-1/2"]
[WhiteElo "2429"]
[BlackElo "2485"]
[Annotator "ChessBase"]
[PlyCount "103"]
[EventDate "2021.11.08"]
[EventType "team-tourn"]
[EventCountry "SLO"]
[SourceTitle "playchess.com"]
[Source "ChessBase"]
[SourceQuality "1"]
[WhiteTeam "Poland"]
[BlackTeam "Germany"]
[WhiteTeamCountry "POL"]
[BlackTeamCountry "GER"]
[TimeControl "40/5400+30:1800+30"]

1. e4 {[%emt 0:00:03]} c5 {[%emt 0:00:03]} 2. Nf3 {[%emt 0:00:05]} d6 {[%emt 0:
00:02]} 3. d4 {[%emt 0:00:04]} cxd4 {[%emt 0:00:04]} 4. Nxd4 {[%emt 0:00:05]}
Nf6 {[%emt 0:00:03]} 5. Nc3 {[%emt 0:00:06]} a6 {[%emt 0:00:03]} 6. Be3 {
[%emt 0:00:06]} Ng4 {[%emt 0:00:03]} 7. Bc1 {[%emt 0:01:24]} Nf6 {[%emt 0:00:
03]} 8. Be2 {[%emt 0:02:30]} e5 {[%emt 0:00:10]} 9. Nb3 {[%emt 0:00:03]} Be7 {
[%emt 0:00:11]} 10. O-O {[%emt 0:00:07]} O-O {[%emt 0:00:21]} 11. Qd3 {[%emt 0:
00:12]} Be6 {[%emt 0:13:45]} 12. Be3 {[%emt 0:00:42]} Nbd7 {[%emt 0:01:20]} 13.
Nd5 {[%emt 0:00:21]} Bxd5 {[%emt 0:00:21]} 14. exd5 {[%emt 0:00:06]} Re8 {
[%emt 0:02:02]} 15. a4 {[%emt 0:08:34]} Rc8 {[%emt 0:02:17]} 16. a5 {[%emt 0:
06:42]} e4 {[%emt 0:08:37]} 17. Qd2 {[%emt 0:06:34]} Ne5 {[%emt 0:00:25]} 18.
Ra4 {[%emt 0:00:35]} Qd7 {[%emt 0:07:07]} 19. Rb4 {[%emt 0:01:45]} Bd8 {
[%emt 0:00:21]} 20. Rd1 {[%emt 0:07:22]} h6 {[%emt 0:03:30]} 21. h3 {[%emt 0:
03:56]} Ng6 {[%emt 0:08:01]} 22. c4 {[%emt 0:05:57]} Ne7 {[%emt 0:04:26]} 23.
Ra1 {[%emt 0:18:24]} Nf5 {[%emt 0:03:57]} 24. Nd4 {[%emt 0:00:21]} Nxe3 {
[%emt 0:00:11]} 25. Qxe3 {[%emt 0:02:15]} Rc5 {[%emt 0:12:03]} 26. Rba4 {
[%emt 0:03:20]} Re5 {[%emt 0:00:44]} 27. b4 {[%emt 0:01:28]} Rc8 {[%emt 0:01:
41]} 28. R4a3 {[%emt 0:00:40]} h5 {[%emt 0:02:04]} 29. b5 {[%emt 0:06:42]} axb5
{[%emt 0:06:21]} 30. Nxb5 {[%emt 0:00:06]} Ne8 {[%emt 0:00:29]} 31. a6 {
[%emt 0:05:13]} bxa6 {[%emt 0:00:03]} 32. Rxa6 {[%emt 0:00:04]} Bg5 {[%emt 0:
03:45]} 33. Qa7 {[%emt 0:08:20]} Qf5 {[%emt 0:03:57]} 34. Nd4 {[%emt 0:03:28]}
Qf4 {[%emt 0:00:25]} 35. Nc6 {[%emt 0:02:43]} e3 {[%emt 0:02:06]} 36. Nxe5 {
[%emt 0:02:16]} Qxe5 {[%emt 0:01:15]} 37. R6a3 {[%emt 0:01:41]} Nf6 {[%emt 0:
03:34]} 38. fxe3 {[%emt 0:01:07]} Re8 {[%emt 0:00:04]} 39. Bf3 {[%emt 0:01:07]}
Bxe3+ {[%emt 0:00:08]} 40. Rxe3 {[%emt 0:00:08]} Qxe3+ {[%emt 0:00:03]} 41.
Qxe3 {[%emt 0:30:04]} Rxe3 {[%emt 0:30:03]} 42. Ra6 {[%emt 0:00:00]} Rc3 {
[%emt 0:00:00]} 43. Rc6 {[%emt 0:00:00]} Kf8 {[%emt 0:00:00]} 44. Kf2 {[%emt 0:
00:00]} h4 {[%emt 0:00:00]} 45. Ke2 {[%emt 0:00:00]} Ne8 {[%emt 0:00:00]} 46.
Kd2 {[%emt 0:00:00]} Ra3 {[%emt 0:00:00]} 47. Rb6 {[%emt 0:00:00]} g6 {[%emt 0:
00:00]} 48. Kc2 {[%emt 0:00:00]} Ke7 {[%emt 0:00:00]} 49. Rb7+ {[%emt 0:00:00]}
Kf8 {[%emt 0:00:00]} 50. Rb6 {[%emt 0:00:00]} Ke7 {[%emt 0:00:00]} 51. Rb7+ {
[%emt 0:00:00]} Kf8 {[%emt 0:00:00]} 52. Rb6 {[%emt 0:00:38]} 1/2-1/2

[Event "23rd ETCC Women 2021"]
[Site "Catez"]
[Date "2021.11.19"]
[Round "7.14"]
[White "Heinemann, Josefine"]
[Black "Kiolbasa, Oliwia"]
[Result "1/2-1/2"]
[WhiteElo "2336"]
[BlackElo "2403"]
[Annotator "NA"]
[PlyCount "82"]
[EventDate "2021.11.08"]
[EventType "team-tourn"]
[EventCountry "SLO"]
[SourceTitle "playchess.com"]
[Source "ChessBase"]
[SourceQuality "1"]
[WhiteTeam "Germany"]
[BlackTeam "Poland"]
[WhiteTeamCountry "GER"]
[BlackTeamCountry "POL"]
[TimeControl "40/5400+30:1800+30"]

1. e4 {[%emt 0:00:02]} e5 {[%emt 0:00:08]} 2. Nf3 {[%emt 0:00:06]} Nc6 {
[%emt 0:00:08]} 3. Bb5 {[%emt 0:00:06]} a6 {[%emt 0:00:08]} 4. Ba4 {[%emt 0:00:
10]} Nf6 {[%emt 0:00:15]} 5. O-O {[%emt 0:00:20]} Be7 {[%emt 0:00:20]} 6. Re1 {
[%emt 0:00:09]} b5 {[%emt 0:00:07]} 7. Bb3 {[%emt 0:00:05]} d6 {[%emt 0:00:15]}
8. c3 {[%emt 0:00:09]} O-O {[%emt 0:00:17]} 9. h3 {[%emt 0:00:16]} Bb7 {
[%emt 0:00:20]} 10. d4 {[%emt 0:00:15]} Re8 {[%emt 0:00:16]} 11. Nbd2 {[%emt 0:
00:51]} Bf8 {[%emt 0:00:29]} 12. a3 {[%emt 0:00:59]} h6 {[%emt 0:00:52]} 13.
Bc2 {[%emt 0:00:25]} Nb8 {[%emt 0:00:31]} 14. b3 {[%emt 0:02:44]} Nbd7 {
[%emt 0:00:46]} 15. Bb2 {[%emt 0:00:47]} g6 {[%emt 0:00:44]} 16. Bd3 {[%emt 0:
02:09]} Bg7 {[%emt 0:01:49]} 17. dxe5 {[%emt 0:00:40]} Nxe5 {[%emt 0:00:25]}
18. Nxe5 {[%emt 0:00:08]} dxe5 {[%emt 0:00:08]} 19. Qc2 {[%emt 0:00:36]} Qd6 {
[%emt 0:00:43]} 20. Rad1 {[%emt 0:00:55]} Rad8 {[%emt 0:00:27]} 21. Nf3 {
[%emt 0:01:38]} Qc6 {[%emt 0:01:10]} 22. Rd2 {[%emt 0:04:04]} g5 {[%emt 0:02:
50]} 23. c4 {[%emt 0:07:17]} bxc4 {[%emt 0:03:28]} 24. Qxc4 {[%emt 0:04:21]}
Qxc4 {[%emt 0:07:57]} 25. Bxc4 {[%emt 0:02:24]} Nxe4 {[%emt 0:04:49]} 26. Rxd8
{[%emt 0:02:15]} Rxd8 {[%emt 0:00:10]} 27. Bxe5 {[%emt 0:02:14]} Bxe5 {[%emt 0:
05:00]} 28. Nxe5 {[%emt 0:00:10]} Nd6 {[%emt 0:01:35]} 29. Bf1 {[%emt 0:04:10]}
Re8 {[%emt 0:02:55]} 30. Nd3 {[%emt 0:07:11]} Rxe1 {[%emt 0:00:34]} 31. Nxe1 {
[%emt 0:00:04]} a5 {[%emt 0:08:37]} 32. f3 {[%emt 0:05:33]} Bd5 {[%emt 0:03:06]
} 33. b4 {[%emt 0:00:42]} axb4 {[%emt 0:00:12]} 34. axb4 {[%emt 0:00:05]} Kf8 {
[%emt 0:01:55]} 35. Kf2 {[%emt 0:04:21]} Ke7 {[%emt 0:00:40]} 36. g3 {[%emt 0:
04:43]} Nf5 {[%emt 0:06:13]} 37. Bd3 {[%emt 0:04:27]} Nd4 {[%emt 0:00:27]} 38.
Ke3 {[%emt 0:02:32]} Nc6 {[%emt 0:01:53]} 39. Nc2 {[%emt 0:02:24]} Kd6 {
[%emt 0:02:31]} 40. f4 {[%emt 0:03:35]} f6 {[%emt 0:05:27]} 41. h4 {[%emt 0:33:
34]} Bb3 {[%emt 0:34:03]} 1/2-1/2

[Event "23rd ETCC Women 2021"]
[Site "Catez"]
[Date "2021.11.19"]
[Round "7.15"]
[White "Socko, Monika"]
[Black "Klek, Hanna Marie"]
[Result "1/2-1/2"]
[WhiteElo "2393"]
[BlackElo "2343"]
[Annotator "NA"]
[PlyCount "95"]
[EventDate "2021.11.08"]
[EventType "team-tourn"]
[EventCountry "SLO"]
[SourceTitle "playchess.com"]
[Source "ChessBase"]
[SourceQuality "1"]
[WhiteTeam "Poland"]
[BlackTeam "Germany"]
[WhiteTeamCountry "POL"]
[BlackTeamCountry "GER"]
[TimeControl "40/5400+30:1800+30"]

1. d4 {[%emt 0:00:03]} Nf6 {[%emt 0:00:06]} 2. c4 {[%emt 0:00:04]} e6 {[%emt 0:
00:05]} 3. Nf3 {[%emt 0:00:03]} d5 {[%emt 0:00:06]} 4. g3 {[%emt 0:00:04]} Be7
{[%emt 0:00:07]} 5. Bg2 {[%emt 0:00:24]} O-O {[%emt 0:00:07]} 6. O-O {[%emt 0:
00:09]} c6 {[%emt 0:00:06]} 7. Nbd2 {[%emt 0:00:55]} b6 {[%emt 0:00:23]} 8. Qc2
{[%emt 0:00:14]} Bb7 {[%emt 0:01:16]} 9. e4 {[%emt 0:02:20]} c5 {[%emt 0:05:07]
} 10. exd5 {[%emt 0:07:21]} exd5 {[%emt 0:00:50]} 11. dxc5 {[%emt 0:00:28]}
Bxc5 {[%emt 0:03:29]} 12. Nb3 {[%emt 0:04:12]} Nbd7 {[%emt 0:13:52]} 13. Nxc5 {
[%emt 0:09:00]} Nxc5 {[%emt 0:00:22]} 14. Be3 {[%emt 0:04:36]} dxc4 {[%emt 0:
04:35]} 15. Rfd1 {[%emt 0:08:41]} Nd3 {[%emt 0:08:58]} 16. b3 {[%emt 0:02:53]}
Qe7 {[%emt 0:13:34]} 17. Bd4 {[%emt 0:13:58]} Nb4 {[%emt 0:09:14]} 18. Qf5 {
[%emt 0:09:40]} Ne4 {[%emt 0:09:28]} 19. bxc4 {[%emt 0:10:10]} Nc2 {[%emt 0:02:
34]} 20. Rac1 {[%emt 0:00:36]} Nxd4 {[%emt 0:00:21]} 21. Rxd4 {[%emt 0:00:29]}
Rad8 {[%emt 0:03:46]} 22. Re1 {[%emt 0:04:13]} Qc5 {[%emt 0:03:03]} 23. Qxc5 {
[%emt 0:03:05]} Nxc5 {[%emt 0:00:07]} 24. Re7 {[%emt 0:00:15]} Rde8 {[%emt 0:
00:55]} 25. Rxe8 {[%emt 0:02:40]} Rxe8 {[%emt 0:00:07]} 26. h4 {[%emt 0:00:29]}
f6 {[%emt 0:00:48]} 27. Nd2 {[%emt 0:01:35]} Re1+ {[%emt 0:04:17]} 28. Kh2 {
[%emt 0:00:03]} Bxg2 {[%emt 0:00:21]} 29. Kxg2 {[%emt 0:00:03]} Ra1 {[%emt 0:
00:44]} 30. Nb3 {[%emt 0:00:47]} Rxa2 {[%emt 0:00:34]} 31. Nxc5 {[%emt 0:00:03]
} bxc5 {[%emt 0:00:06]} 32. Rd8+ {[%emt 0:00:49]} Kf7 {[%emt 0:00:06]} 33. Rc8
{[%emt 0:00:02]} Ra5 {[%emt 0:02:06]} 34. Rc7+ {[%emt 0:00:09]} Kg6 {[%emt 0:
00:19]} 35. Kf3 {[%emt 0:00:41]} h5 {[%emt 0:02:04]} 36. Ke4 {[%emt 0:00:47]}
Ra2 {[%emt 0:05:25]} 37. Ke3 {[%emt 0:02:49]} Ra3+ {[%emt 0:01:36]} 38. Ke4 {
[%emt 0:00:40]} Ra2 {[%emt 0:00:07]} 39. Ke3 {[%emt 0:03:35]} Ra3+ {[%emt 0:00:
11]} 40. Kf4 {[%emt 0:05:30]} Ra5 {[%emt 0:01:01]} 41. f3 {[%emt 0:30:38]} a6 {
[%emt 0:37:40]} 42. Ke4 {[%emt 0:00:47]} Ra1 {[%emt 0:00:00]} 43. Rxc5 {
[%emt 0:00:00]} a5 {[%emt 0:00:00]} 44. Kf4 {[%emt 0:00:00]} a4 {[%emt 0:00:00]
} 45. Ra5 {[%emt 0:00:00]} a3 {[%emt 0:00:00]} 46. c5 {[%emt 0:00:00]} a2 {
[%emt 0:00:00]} 47. c6 {[%emt 0:00:00]} Rc1 {[%emt 0:00:00]} 48. Rxa2 {[%emt 0:
00:00]} 1/2-1/2

[Event "23rd ETCC Women 2021"]
[Site "Catez"]
[Date "2021.11.19"]
[Round "7.16"]
[White "Schneider, Jana"]
[Black "Kulon, Klaudia"]
[Result "0-1"]
[WhiteElo "2269"]
[BlackElo "2328"]
[Annotator "NA"]
[PlyCount "94"]
[EventDate "2021.11.08"]
[EventType "team-tourn"]
[EventCountry "SLO"]
[SourceTitle "playchess.com"]
[Source "ChessBase"]
[SourceQuality "1"]
[WhiteTeam "Germany"]
[BlackTeam "Poland"]
[WhiteTeamCountry "GER"]
[BlackTeamCountry "POL"]
[TimeControl "40/5400+30:1800+30"]

1. e4 {[%emt 0:00:03]} c5 {[%emt 0:00:04]} 2. Nf3 {[%emt 0:00:06]} Nc6 {
[%emt 0:00:07]} 3. d4 {[%emt 0:00:06]} cxd4 {[%emt 0:00:05]} 4. Nxd4 {[%emt 0:
00:06]} e5 {[%emt 0:00:07]} 5. Nb5 {[%emt 0:00:51]} d6 {[%emt 0:00:16]} 6. c4 {
[%emt 0:00:30]} g6 {[%emt 0:00:18]} 7. N1c3 {[%emt 0:01:12]} a6 {[%emt 0:00:11]
} 8. Na3 {[%emt 0:00:08]} Bg7 {[%emt 0:00:22]} 9. Be2 {[%emt 0:05:56]} Be6 {
[%emt 0:02:07]} 10. O-O {[%emt 0:08:39]} Nd4 {[%emt 0:03:17]} 11. Be3 {[%emt 0:
02:08]} Ne7 {[%emt 0:06:28]} 12. Qd2 {[%emt 0:05:38]} Rc8 {[%emt 0:07:56]} 13.
Rac1 {[%emt 0:04:33]} f5 {[%emt 0:07:04]} 14. Bg5 {[%emt 0:11:02]} h6 {[%emt 0:
09:46]} 15. exf5 {[%emt 0:04:02]} Nxe2+ {[%emt 0:05:56]} 16. Qxe2 {[%emt 0:02:
54]} gxf5 {[%emt 0:01:55]} 17. Be3 {[%emt 0:10:05]} f4 {[%emt 0:07:09]} 18.
Bxf4 {[%emt 0:02:12]} O-O {[%emt 0:00:11]} 19. Be3 {[%emt 0:04:41]} Nf5 {
[%emt 0:01:12]} 20. Ne4 {[%emt 0:04:16]} d5 {[%emt 0:09:11]} 21. Nc5 {[%emt 0:
06:59]} Bf7 {[%emt 0:00:57]} 22. cxd5 {[%emt 0:00:06]} Qxd5 {[%emt 0:01:02]}
23. Rfd1 {[%emt 0:02:01]} Nd4 {[%emt 0:01:09]} 24. Bxd4 {[%emt 0:01:34]} exd4 {
[%emt 0:00:02]} 25. Nd3 {[%emt 0:03:47]} Qxa2 {[%emt 0:06:49]} 26. Nc2 {
[%emt 0:01:13]} a5 {[%emt 0:02:09]} 27. Nxd4 {[%emt 0:01:04]} Rxc1 {[%emt 0:07:
11]} 28. Nxc1 {[%emt 0:02:00]} Qd5 {[%emt 0:00:42]} 29. Nf3 {[%emt 0:01:39]}
Qf5 {[%emt 0:01:32]} 30. Rd6 {[%emt 0:04:17]} Qb1 {[%emt 0:02:45]} 31. Rd1 {
[%emt 0:00:42]} Qxb2 {[%emt 0:00:23]} 32. Qe4 {[%emt 0:01:47]} b5 {[%emt 0:02:
19]} 33. Nd3 {[%emt 0:00:28]} Qb3 {[%emt 0:01:19]} 34. Rc1 {[%emt 0:00:42]} Qd5
{[%emt 0:02:40]} 35. Qxd5 {[%emt 0:04:52]} Bxd5 {[%emt 0:00:19]} 36. Nfe5 {
[%emt 0:00:14]} a4 {[%emt 0:02:40]} 37. Rc5 {[%emt 0:00:59]} a3 {[%emt 0:00:44]
} 38. Nb4 {[%emt 0:02:09]} Rd8 {[%emt 0:02:55]} 39. f4 {[%emt 0:00:40]} Bc4 {
[%emt 0:02:20]} 40. Nec6 {[%emt 0:02:34]} Ra8 {[%emt 0:02:21]} 41. Ne7+ {
[%emt 0:02:26]} Kf7 {[%emt 0:01:19]} 42. Nf5 {[%emt 0:00:19]} Bf8 {[%emt 0:00:
26]} 43. Rc7+ {[%emt 0:01:12]} Kf6 {[%emt 0:00:24]} 44. g4 {[%emt 0:00:30]}
Bxb4 {[%emt 0:00:50]} 45. Rc6+ {[%emt 0:00:39]} Kf7 {[%emt 0:00:22]} 46. Nxh6+
{[%emt 0:00:11]} Ke7 {[%emt 0:00:06]} 47. Nf5+ {[%emt 0:00:20]} Kd7 {[%emt 0:
00:05]} 0-1